| 000 | 00620nam a2200181 i 4500 | ||
|---|---|---|---|
| 001 | 96464 | ||
| 003 | ES-MaACL | ||
| 005 | 20230906181922.0 | ||
| 007 | t| | ||
| 008 | 050627s1918 it ||||1| ita d | ||
| 100 | 1 |
_aMagrini, Giovanni Piero. _975511 |
|
| 245 | 1 | 0 |
_aRicherche idrografiche eseguite durante il 1916 / _cGiovanni Piero Magrini. |
| 260 |
_aVenezia : _bUfficio Idrografico del R. Magistrato alle Acque, _c1918. |
||
| 300 |
_a207 p., lám. 1-3 (1) neg. y col. ; _c27 cm. |
||
| 500 | _a(1) 8 pleg. | ||
| 710 | 2 |
_aUfficio Idrografico del R. Magistrato alle Acque (Venezia) _96996 |
|
| 852 |
_aES-MaACL _jF-2648 |
||
| 999 |
_c96464 _d96464 |
||